Where is the Happiness-generated Optimism Streamed in? European Perspective
Pojem šťastie, jeho definícia a historický vývoj. Subjektívny pocit spokojnosti verzus osobný pocit spokojnosti. Výsledky prieskumu na Slovensku z roku 2014 zameraného na identifikáciu vzťahu medzi šťastím a vyhliadkami do blízkej budúcnosti v osobnom a národnom ekonomickom kontexte podľa demografic...
Saved in:
| Main Author: | |
|---|---|
| Other Authors: | , |
| Format: | Book Chapter |
| Language: | English |
| Subjects: | |
| Tags: |
No Tags, Be the first to tag this record!
|
MARC
| LEADER | 00000nla a2200000 4500 | ||
|---|---|---|---|
| 001 | 0235877 | ||
| 005 | 20240502083628.5 | ||
| 041 | 0 | |a eng | |
| 044 | |a US | ||
| 245 | 1 | 0 | |a Where is the Happiness-generated Optimism Streamed in? European Perspective |c Helena Šajgalíková, Lukáš Copuš, Michaela Poláková |
| 520 | |a Pojem šťastie, jeho definícia a historický vývoj. Subjektívny pocit spokojnosti verzus osobný pocit spokojnosti. Výsledky prieskumu na Slovensku z roku 2014 zameraného na identifikáciu vzťahu medzi šťastím a vyhliadkami do blízkej budúcnosti v osobnom a národnom ekonomickom kontexte podľa demografickej stratifikácie. Porovnanie s európskymi krajinami. | ||
| 610 | 2 | 0 | |a psychológia |
| 610 | 2 | 0 | |a osobnosť |
| 610 | 2 | 0 | |a vývoj |
| 610 | 2 | 0 | |a vývoj hospodársky |
| 610 | 2 | 0 | |a blahobyt |
| 610 | 2 | 0 | |a diferenciácia demografická |
| 610 | 2 | 0 | |a Slovensko |
| 610 | 2 | 0 | |a Európa |
| 610 | 2 | 0 | |a porovnanie medzinárodné |
| 610 | 2 | 0 | |a pojmy |
| 100 | 1 | |a Šajgalíková, Helena | |
| 700 | 1 | |a Copuš, Lukáš | |
| 700 | 1 | |a Poláková, Michaela | |